00855cam a2200253 i 45000010008000000030005000080050017000130080041000300100017000710200015000880400018001030420009001210500022001300820020001521000031001722450033002032600039002363000021002756500033002966500023003296510060003528560085004128560104004971337891PILC20160127121036.0791213s1980 mau j 000 1 eng  a 79028394  a0395291852 aDLCcDLCdDLC alcac00aPZ 7b.Od237 198000aFIC bOd2s 19801 aO'Dell, Scott,d1898-1989.10aSarah bishop cScott O'Dell. aBoston :bHoughton Mifflin,c1980. a184 p. :c18 cm. 1aAmerican loyalistsxFiction. 1aSurvivalxFiction. 1aUnited StatesxHistoryyRevolution, 1775-1783xFiction.423Publisher descriptionuhttp://www.loc.gov/catdir/description/hm021/79028394.html423Contributor biographical informationuhttp://www.loc.gov/catdir/enhancements/fy0737/79028394-b.html